000 00434nam a2200169Ia 4500
008 230917s9999||||xx |||||||||||||| ||und||
020 _cRS395
040 _e238097
_aMAIN
041 _aEnglish
082 _a658.15 K96F
100 _aKumar, S S S
245 0 _aFinancial derivatives
260 _aDelhi
_bPHI Learning
_c2016
300 _axxiv, 401 p.
500 _a2616 16/02/2017 HBD17/6875 08/03/2017 Main Budget
942 _cBK
999 _c21473
_d21473